Demystifyng organisation development : Practical capacity- building experiences of African NGOs (Record no. 9582)

MARC details
000 -LEADER
fixed length control field 00718nam a22002297a 4500
003 - CONTROL NUMBER IDENTIFIER
control field OSt
005 - DATE AND TIME OF LATEST TRANSACTION
control field 20251022150133.0
008 - FIXED-LENGTH DATA ELEMENTS--GENERAL INFORMATION
fixed length control field 251022b |||||||| |||| 00| 0 eng d
020 ## - INTERNATIONAL STANDARD BOOK NUMBER
International Standard Book Number 9781897748350
040 ## - CATALOGING SOURCE
Transcribing agency MUST
082 ## - DEWEY DECIMAL CLASSIFICATION NUMBER
Classification number 658.1 JAM 1998
100 ## - MAIN ENTRY--PERSONAL NAME
Personal name James Rick
9 (RLIN) 19490
245 ## - TITLE STATEMENT
Title Demystifyng organisation development : Practical capacity- building experiences of African NGOs
260 ## - PUBLICATION, DISTRIBUTION, ETC. (IMPRINT)
Place of publication, distribution, etc. UK
Name of publisher, distributor, etc. INTRAC
Date of publication, distribution, etc. c1998
300 ## - PHYSICAL DESCRIPTION
Extent 212p.
Other physical details ill.
Dimensions 23cm.
440 ## - SERIES STATEMENT/ADDED ENTRY--TITLE
Title Practical capacity-building experiences of African NGOs
9 (RLIN) 19491
504 ## - BIBLIOGRAPHY, ETC. NOTE
Bibliography, etc Bibliography , appendix
650 ## - SUBJECT ADDED ENTRY--TOPICAL TERM
Source of heading or term Demystifyng organisation development
650 ## - SUBJECT ADDED ENTRY--TOPICAL TERM
Source of heading or term Capacity-building
700 ## - ADDED ENTRY--PERSONAL NAME
Personal name Rick James
9 (RLIN) 19492
942 ## - ADDED ENTRY ELEMENTS (KOHA)
Source of classification or shelving scheme Dewey Decimal Classification
Koha item type Open Shelf
Holdings
Withdrawn status Lost status Source of classification or shelving scheme Damaged status Not for loan Home library Current library Date acquired Source of acquisition Inventory number Total Checkouts Full call number Barcode Date last seen Price effective from Koha item type
    Dewey Decimal Classification     MUST Main Library MUST Main Library 22/10/2025 Donation 11/33242   658.1 JAM 1998 2025-0162 22/10/2025 22/10/2025 Open Shelf
    Dewey Decimal Classification     MUST Main Library MUST Main Library 22/10/2025 Donation 11/33242   658.1 JAM 1998 2025-0163 22/10/2025 22/10/2025 Open Shelf
    Dewey Decimal Classification     MUST Main Library MUST Main Library 22/10/2025 Donation 11/33242   658.1 JAM 1998 2025-0164 22/10/2025 22/10/2025 Open Shelf